Sports Quiz

Random Sports Quiz

NLL Teams (All-Time) Quiz Stats

 Plays Quiz not verified by Sporcle

Challenge
Share
Tweet
Embed
Score 0/35 Timer 07:00
0 Plays Today
Years Played Team % Correct
1999-presentToronto Rock
89.9%
1992-presentBuffalo Bandits
86.6%
1987-presentPhiladelphia Wings
83.1%
1995-presentRochester Knighthawks
81.1%
2010-presentWashington Stealth
81.1%
2002-presentCalgary Roughnecks
78.1%
2006-presentEdmonton Rush
78.1%
2004-2009San Jose Stealth
78.1%
2005-presentMinnesota Swarm
77.9%
2003-presentColorado Mammoth
75.7%
1992-1997, 2009-presentBoston Blazers
71.6%
2007-2009New York Titans
68.6%
2010-presentOrlando Titans
68.6%
1989-1991New England Blazers
64.5%
2004-2007Arizona Sting
57.9%
2002-2004Vancouver Ravens
57.9%
2004-2005Anaheim Storm
54.6%
2006-2009Portland Lumberjax
53.8%
Years Played Team % Correct
1989-2003New York Saints
53.6%
2002-2003New Jersey Storm
53.3%
2000-2003Albany Attack
50.8%
1987-1988New Jersey Saints
50%
2007-2008Chigaco Shamrox
49.5%
2001-2003Columbus Landsharks
47.5%
1989-1994Detroit Turbos
47.3%
2002Montreal Express
47.3%
2001-2002Washington Power
45.9%
1998Ontario Raiders
45.1%
2001-2003Ottawa Rebel
44%
2000Pittsburgh Crossfire
43.4%
1987-1999Baltimore Thunder
42.6%
1996Charlotte Cobras
37.4%
1998-2000Syracuse Smash
37.4%
1987-1989Washington Wave
34.7%
1990-1993Pittsburgh Bulls
34.2%

You're not logged in!

Compare scores with friends on all Sporcle quizzes.
Join for Free
OR
Log In

You Might Also Like...

Show Comments

Extras

Created Feb 16, 2010ReportNominate
Tags:nll, NLL Teams, team

Top Quizzes Today


Score Distribution

Your Account Isn't Verified!

In order to create a playlist on Sporcle, you need to verify the email address you used during registration. Go to your Sporcle Settings to finish the process.

Report this User

Report this user for behavior that violates our Community Guidelines.

Details: